000 00641nmm a2200205Ia 4500
008 251105s9999||||xx |||||||||||||||||und||
020 _a9788415893127
041 _aspa
100 _aSeierstad, Asne
245 0 _aEl librero de Kabul :
_b Un testimonio excepcional y de primera mano sobre la apasionante sociedad afgana.
264 _a[Madrid, España] :
_bMaeva Ediciones,
_c2003
300 _a0 páginas
490 _aMemorias
650 _aOther narratives
700 _aSeierstad, Asne
700 1 _a Hoyrup, Sara
700 1 _a Covian Fasce, Marcelo
856 _uhttps://public.digitaliapublishing.com/a/31571
942 _cCF
999 _c71300
_d71300